000 00557nam a2200133Ia 4500
003 GCL
008 140319s9999 xx 000 0 ara d
040 _aGCL /
_cGCL
082 0 4 _a657.45
_bا م
100 1 _aامين السيد احمد لطفى
245 1 0 _aمعالجة متقدمة لاستخدام مراقبى الحسابات اساليب المعاينة الاحصائية وغير الاحصائية فى المراجعة /
_cامين السيد احمد لطفى
300 _a228 ص
490 _aالهيئة العامة للاستعلامات
_v0
999 _c48276
_d48276